|
|
|
|
| LEADER |
00000nkm a2200000 a 4500 |
| 001 |
vtls011907966 |
| 003 |
SK-MaSNL |
| 005 |
20260301225148.0 |
| 007 |
kf bo |
| 008 |
240131s1954 xo g kuslo |
| 015 |
|
|
|a SNBG1954
|
| 035 |
|
|
|a urn:nbn:sk:snk-km00ea1v
|
| 035 |
|
|
|a urn:nbn:sk:snk-km43h4c
|
| 035 |
|
|
|a 1FB940CB-608C-433C-9EFB-142823EE53D1
|
| 040 |
|
|
|a SNK
|b slo
|c SNK
|e AACR2
|
| 041 |
0 |
|
|a slo
|
| 043 |
|
|
|a e-xo---
|
| 044 |
|
|
|a xo
|c SK
|
| 072 |
|
7 |
|a 913
|x Regionálna geografia
|2 konspekt
|
| 080 |
|
|
|a 913(437.6)
|2 2011
|
| 080 |
|
|
|a 726:27-523.42
|2 2011
|
| 080 |
|
|
|a (084.121)
|2 2011
|
| 080 |
|
|
|a 633.2.03
|2 2011
|
| 080 |
|
|
|a 911.2(23.0)
|2 2011
|
| 245 |
0 |
0 |
|a Námestovo
|h grafika
|
| 260 |
|
|
|a Bratislava
|b Tvar
|c 1954
|
| 300 |
|
|
|a 1 pohľadnica
|b čiernobiela
|c 9 x 14 cm
|
| 520 |
8 |
|
|a Zobrazenie: Pohľad na mesto z diaľky. V popredí vidno kríky a lúky. vľavo v pozadí je lúka na jednej časti ohradená. V pozadí uprostred mesta je kostol. Za mestom sú hory
|
| 650 |
0 |
7 |
|a kostoly
|2 SNKPH
|9 3023
|
| 650 |
0 |
7 |
|a lúky
|2 SNKPH
|9 3676
|
| 650 |
0 |
7 |
|a hory
|2 SNKPH
|9 55651
|
| 651 |
|
7 |
|a Námestovo (Slovensko)
|2 SNKPHgeo
|9 29879
|
| 655 |
|
7 |
|a miestne pohľadnice
|2 SNKPH
|9 70510
|
| 852 |
|
|
|a Slovenská národná knižnica
|
| 958 |
|
|
|a GBN
|
| 958 |
|
|
|a GC
|
| 958 |
|
|
|a OND
|
| 958 |
|
|
|a EUIPO
|
| 999 |
|
|
|c 949921
|d 951851
|
| 952 |
|
|
|a SNK
|b SNK
|y PREZ
|7 0
|p 17A1240668
|o snkSP 37639
|0 0
|1 0
|4 0
|d 2019-12-18
|f 1
|l 0
|r 2026-02-24 09:45:32
|w 2026-02-24
|